000 00314nam a22001337a 4500
020 _a978-8123909271
041 _aENG
100 _aClayton.E.A
245 _aThe Performance And Design of Direct Current Machines
260 _aDelhi
_bCBS Pub
_c2001
300 _a516
650 _aEOES
856 _uEOES ( 14 )
999 _c1113
_d1113